|
|
|
|
| LEADER |
00000cam a2200000Mu 4500 |
| 001 |
JSTOR_on1202475193 |
| 003 |
OCoLC |
| 005 |
20231005004200.0 |
| 006 |
m o d |
| 007 |
cr cnu---unuuu |
| 008 |
201031s2018 dk o ||| 0 dan d |
| 040 |
|
|
|a EBLCP
|b eng
|c EBLCP
|d YDX
|d JSTOR
|d OCLCF
|
| 019 |
|
|
|a 1201678586
|a 1202453803
|
| 020 |
|
|
|a 9788771845761
|
| 020 |
|
|
|a 8771845763
|
| 020 |
|
|
|a 9788771845747
|q (electronic bk.)
|
| 020 |
|
|
|a 8771845747
|q (electronic bk.)
|
| 020 |
|
|
|z 8771843906
|
| 020 |
|
|
|z 9788771843903
|
| 035 |
|
|
|a (OCoLC)1202475193
|z (OCoLC)1201678586
|z (OCoLC)1202453803
|
| 037 |
|
|
|a 22573/ctv34vsjph
|b JSTOR
|
| 050 |
|
4 |
|a LB2840
|
| 072 |
|
7 |
|a EDU
|x 000000
|2 bisacsh
|
| 082 |
0 |
4 |
|a 370.9
|
| 049 |
|
|
|a UAMI
|
| 100 |
1 |
|
|a Oettingen, Alexander von.
|
| 245 |
1 |
0 |
|a Undervisning er dannelse
|h [electronic resource].
|
| 260 |
|
|
|a Aarhus :
|b Aarhus University Press,
|c 2018.
|
| 300 |
|
|
|a 1 online resource (43 p.)
|
| 500 |
|
|
|a Description based upon print version of record.
|
| 590 |
|
|
|a JSTOR
|b Books at JSTOR Demand Driven Acquisitions (DDA)
|
| 590 |
|
|
|a JSTOR
|b Books at JSTOR All Purchased
|
| 650 |
|
0 |
|a Effective teaching.
|
| 650 |
|
0 |
|a Teacher effectiveness.
|
| 650 |
|
7 |
|a EDUCATION / General
|2 bisacsh
|
| 650 |
|
7 |
|a Effective teaching.
|2 fast
|0 (OCoLC)fst00903762
|
| 650 |
|
7 |
|a Teacher effectiveness.
|2 fast
|0 (OCoLC)fst01144210
|
| 776 |
0 |
8 |
|i Print version:
|a Oettingen, Alexander von
|t Undervisning er dannelse
|d Aarhus : Aarhus University Press,c2018
|z 9788771843903
|
| 856 |
4 |
0 |
|u https://jstor.uam.elogim.com/stable/10.2307/j.ctv34wmnt6
|z Texto completo
|
| 938 |
|
|
|a ProQuest Ebook Central
|b EBLB
|n EBL6363373
|
| 938 |
|
|
|a YBP Library Services
|b YANK
|n 17060796
|
| 994 |
|
|
|a 92
|b IZTAP
|